书目信息 |
| 题名: |
思想者诗人郁达夫论
|
|
| 作者: | 蒋成德 著 | |
| 分册: | ||
| 出版信息: | 北京 中国书籍出版社 2017 |
|
| 页数: | 11,322页 | |
| 开本: | 24cm | |
| 丛书名: | 中国书籍·学术之星文库 | |
| 单 册: | ||
| 中图分类: | K825.6=6 , I206.6 | |
| 科图分类: | ||
| 主题词: | 作家--人物研究--中国--民国 , 文学研究--中国--现代 | |
| 电子资源: | ||
| ISBN: | 978-7-5068-5749-9 | |
| 000 | 01116oam2 2200301 450 | |
| 001 | 3886 | |
| 005 | 20180527203317.95 | |
| 010 | @a978-7-5068-5749-9@b精装@dCNY78.00 | |
| 100 | @a20170328d2017 em y0chiy50 ea | |
| 101 | 0 | @achi |
| 102 | @aCN@b110000 | |
| 105 | @ay z 000yy | |
| 200 | 1 | @a思想者诗人郁达夫论@9si xiang zhe shi ren yu da fu lun@f蒋成德著 |
| 210 | @a北京@c中国书籍出版社@d2017 | |
| 215 | @a11,322页@d24cm | |
| 225 | 1 | @a中国书籍·学术之星文库 |
| 314 | @a蒋成德,江苏阜家人,徐州工程学院学报编审。政协徐州市委常委,九三学社徐州市委委员。出版专著《思与诗——郁达夫研究》等。 | |
| 330 | @a本书共分为三辑,主要内容包括:郁达夫的爱国主义思想、郁达夫南洋时期的文学思想、郁达夫的文化思想、郁达夫习用古典诗词方法通证等。 | |
| 461 | 0 | @12001 @a中国书籍·学术之星文库 |
| 600 | 0 | @a郁达夫@f(1896-1945)@x人物研究 |
| 600 | 0 | @a郁达夫@f(1896-1945)@x文学研究 |
| 606 | 0 | @a作家@x人物研究@y中国@z民国 |
| 606 | 0 | @a文学研究@y中国@z现代 |
| 690 | @aK825.6=6@v5 | |
| 690 | @aI206.6@v5 | |
| 701 | 0 | @a蒋成德@9jiang cheng de@4著 |
| 801 | 0 | @aCN@b91MARC@c20170328 |
| 905 | @aMuseLib@dK825.6=6@e1106 | |
| 思想者诗人郁达夫论/蒋成德著.-北京:中国书籍出版社,2017 |
| 11,322页;24cm.-(中国书籍·学术之星文库) |
| ISBN 978-7-5068-5749-9(精装):CNY78.00 |
| 本书共分为三辑,主要内容包括:郁达夫的爱国主义思想、郁达夫南洋时期的文学思想、郁达夫的文化思想、郁达夫习用古典诗词方法通证等。 |
| ● |
| 相关链接 |
|
|
|
|
正题名:思想者诗人郁达夫论
索取号:K825.6=6/1106
 
预约/预借
| 序号 | 登录号 | 条形码 | 馆藏地/架位号 | 状态 | 备注 |
| 1 | 1111022 | 211110224 | 第二样本阅览室/ [索取号:K825.6=6/1106] | 在馆 | |
| 2 | 1111023 | 211110233 | 教育系资料室/ [索取号:K825.6=6/1106] | 在馆 | |
| 3 | 1111024 | 211110242 | 教育系资料室/ [索取号:K825.6=6/1106] | 在馆 | |
| 4 | 1111025 | 211110251 | 第二借阅区/ [索取号:K825.6=6/1106] | 在馆 |